|
|
|
|
| LEADER |
00744cam a2200205 7i4500 |
| 001 |
0000027184 |
| 005 |
20111103090000.0 |
| 020 |
0 |
0 |
|a 9789814311335
|
| 090 |
0 |
0 |
|a B 950.43
|b MOL
|
| 100 |
1 |
0 |
|a Moller, J.
|
| 245 |
1 |
0 |
|a How Asia can shape the world :
|b from the era plenty to the era of scarcities.
|
| 260 |
0 |
0 |
|a Pasir Panjang, Singapore:
|b Institute of Southeast Asian Studies,
|c 2011.
|
| 300 |
# |
# |
|a 540p.
|
| 650 |
0 |
0 |
|a Forecasting --
|z Asia
|
| 650 |
0 |
0 |
|a Economic conditions --
|y 21 century --
|z Asia
|
| 650 |
0 |
0 |
|a Social conditions --
|y 21 century --
|z Asia
|
| 650 |
0 |
0 |
|a Economic policy --
|y 21 century --
|z Asia
|
| 650 |
0 |
0 |
|a Social policy --
|y 21 century --
|z Asia
|
| 651 |
0 |
0 |
|a Asia
|
| 999 |
|
|
|a B000029446
|b Book
|c Book
|e Business Information Centre
|